[Event "Zuglo Hotel op 2nd"]
[Site "Budapest"]
[Date "1999.08.23"]
[Round "3"]
[White "Dobrov, Vladimir"]
[Black "Balogh, Csaba"]
[Result "0-1"]
[WhiteElo "2252"]
[BlackElo "2235"]

1.d4 Nf6 2.Nf3 e6 3.c4 b6 4.g3 Ba6 5.b3 Bb4+ 6.Bd2 Be7 7.Bg2 c6 8.Bc3 d5
9.Ne5 Nfd7 10.Nxd7 Nxd7 11.O-O O-O 12.Nd2 Nf6 13.e4 b5 14.Re1 dxe4 15.Nxe4 bxc4
16.Nxf6+ Bxf6 17.b4 Qb6 18.Qg4 Rad8 19.Rad1 Rd7 20.h4 Rfd8 21.Re4 Rd6 22.h5 h6
23.Kh2 Qb5 24.f4 Qb6 25.a4 Bc8 26.Qe2 Qa6 27.a5 Qb5 28.Bf3 Bb7 29.Qf2 R6d7
30.Re2 c5 31.bxc5 Bd5 32.Rb2 Qc6 33.Be2 Rb7 34.Rdd2 Rdb8 35.Bd1 Kf8 36.Qe2 Ke7
37.Rxb7+ Rxb7 38.Rb2 Kd8 39.a6 Rxb2 40.Qxb2 Kc8 41.Qa2 Kb8 42.Qb1+ Kc8 43.Qa2 Kb8
44.Be2 Qb5 45.Kg1 Kc7 46.Kf2 Kc8 47.Ke3 Kc7 48.Bd1 Kb8 49.Bc2 Ba8 50.Kd2 Bd5
51.Bd1 Bxd4 52.Qa1 Bxc5 53.Be5+ Kc8 54.Ba4 Bb4+ 55.Ke2 Qb6 56.Bd4 Qc7 57.Qb1 Qa5
58.Be8 c3 59.Bxf7 Qxa6+ 60.Ke3 Qa4 61.Qh7 c2 62.Bb2 Qb3+ 63.Qd3 Qxb2 64.Bxe6+  0-1

[Event "BIH-chT"]
[Site "Bihac"]
[Date "1999.08.24"]
[Round "4"]
[White "Terzic, Safet"]
[Black "Shariyazdanov, Andrey"]
[Result "0-1"]
[WhiteElo "2330"]
[BlackElo "2588"]

1.d4 Nf6 2.c4 e6 3.Nf3 b6 4.g3 Ba6 5.Qc2 Bb7 6.Bg2 c5 7.dxc5 bxc5 8.Nc3 Be7
9.O-O O-O 10.Rd1 d6 11.e4 Qb6 12.h3 Nc6 13.Be3 h6 14.g4 Rfd8 15.Qd2 Nd7 16.Rab1 Nde5
17.Nxe5 dxe5 18.Qc1 Nd4 19.b3 Bc6 20.f4 exf4 21.Bxf4 Rd7 22.Rb2 Rad8 23.Rf1 Bb7
24.Qe1 Nc6 25.Qg3 Nb4 26.Na4 Qa5 27.g5 hxg5 28.Bxg5 Bxg5 29.Qxg5 Nd3 30.Re2 e5
31.Rd2 Bc6 32.Rfd1 Bxa4 33.bxa4 Rd4 34.Bf1 Nf4 35.Rxd4 cxd4 36.c5 Re8 37.c6 Qc5
38.Qg4 Re6 39.Qf3 Rxc6 40.Bb5 Rg6+ 41.Kh1 Nxh3 42.Rf1 Nf4  0-1

[Event "JUG-chT playoff"]
[Site "Vrnjacka Banja"]
[Date "1999.08.29"]
[Round "1"]
[White "Antic, Dejan"]
[Black "Nikcevic, Nebojsa"]
[Result "1/2-1/2"]
[WhiteElo "2494"]
[BlackElo "2466"]

1.d4 Nf6 2.Nf3 e6 3.c4 b6 4.g3 Ba6 5.b3 Bb4+ 6.Bd2 Be7 7.Bg2 c6 8.Bc3 d5
9.Ne5 Nfd7 10.Nxd7 Nxd7 11.Nd2 O-O 12.O-O Nf6 13.e4 b5 14.Re1 dxe4 15.Qc2 Rc8
16.Nxe4 bxc4 17.Nc5 cxb3 18.axb3 Bb5 19.Rxa7 Ra8 20.Rxa8 Qxa8 21.Ra1 Qc8
22.Ra7 Bd6 23.Bb2 Re8 24.Nd3 Re7 25.Ra1 Rc7 26.h3 Qe8 27.Ne5 Nd5 28.Nc4 Bf8
29.Qd2 h6 30.Qe1 Qb8 31.Ba3 Bxa3 32.Rxa3 Ra7 33.Qa1 Rxa3 34.Qxa3 Qd8 35.Nd6 Nf6
36.Nxb5 cxb5 37.Qc5 Qb8 38.b4 Ne8 39.d5 exd5 40.Bxd5 Nd6 41.h4 h5 42.Bb3 g6
43.Qg5 Kf8 44.Bd5 Qc7 45.Qf4 Ne8 46.Qh6+ Ke7 47.Qe3+ Kf8 48.Qf3 Qe7 49.Qc3 Qd6
50.Qb3 Qe7 51.Bc6 Qe5 52.Kg2 Nd6 53.Qd5  1/2-1/2

[Event "EU-ch U16"]
[Site "Litohoto"]
[Date "1999.09.06"]
[Round "4"]
[White "Izoria, Zviad"]
[Black "Markos, Jan"]
[Result "1/2-1/2"]
[WhiteElo "2272"]
[BlackElo "2248"]

1.d4 Nf6 2.Nf3 e6 3.c4 b6 4.g3 Ba6 5.b3 b5 6.cxb5 Bxb5 7.Bg2 Bb4+ 8.Bd2 a5
9.O-O O-O 10.Bg5 h6 11.Bxf6 Qxf6 12.a3 Bd6 13.Nc3 Ba6 14.Re1 Qe7 15.Qc1 Nc6
16.e3 Rab8 17.Nd2 Na7 18.e4 e5 19.Nd5 Qd8 20.dxe5 Bxe5 21.Rb1 Bd3 22.Nc4 Bxb1
23.Qxb1 d6 24.Qd3 c6 25.Nde3 Nb5 26.f4 Bc3 27.Rc1 Bd4 28.a4 d5 29.exd5 cxd5
30.Ne5 Bxe5 31.axb5 a4 32.Nxd5 Bd6 33.Rc6 Qd7  1/2-1/2

[Event "EU-ch U18"]
[Site "Litohoto"]
[Date "1999.09.08"]
[Round "6"]
[White "Babaev, Rashad"]
[Black "Potkin, Vladimir"]
[Result "0-1"]
[WhiteElo "2353"]
[BlackElo "2478"]

1.d4 e6 2.c4 Nf6 3.Nf3 b6 4.g3 Ba6 5.Qa4 c6 6.Bg2 b5 7.cxb5 cxb5 8.Qd1 Be7
9.O-O O-O 10.Bf4 d5 11.Ne5 Nfd7 12.e4 Nxe5 13.Bxe5 b4 14.Re1 Bb7 15.Qg4 g6
16.Qe2 dxe4 17.Bxe4 Bxe4 18.Qxe4 Nd7 19.Bf4 Nf6 20.Qd3 Qd5 21.Nd2 Rfd8 22.Nb3 Qh5
23.Kg2 Qd5+ 24.Qf3 Qxf3+ 25.Kxf3 Nd5 26.Rac1 a5 27.Red1 a4 28.Nc5 a3 29.bxa3 Rxa3+
30.Rd3 Rxa2 31.Rd2 Ra3+ 32.Rd3 Nxf4 33.gxf4 Rxd4 34.Rxa3 bxa3  0-1

[Event "ISL-ch"]
[Site "Reykjavik"]
[Date "1999.09.08"]
[Round "8"]
[White "Gretarsson, Helgi Ass"]
[Black "Einarsson, Bergsteinn"]
[Result "1-0"]
[WhiteElo "2521"]
[BlackElo "2241"]

1.d4 Nf6 2.c4 e6 3.Nf3 b6 4.g3 Ba6 5.Nbd2 d5 6.Bg2 Be7 7.Ne5 c6 8.b3 O-O
9.Bb2 Nfd7 10.Nd3 Re8 11.O-O b5 12.c5 Bf6 13.f4 b4 14.Nxb4 Nxc5 15.Rc1 Qb6
16.Nxd5 exd5 17.dxc5 Qd8 18.Bxf6 Qxf6 19.Rf2 Qb2 20.e4 Qd4 21.Nb1 Bd3 22.e5 Nd7
23.b4 Nf6 24.Bf1 Ne4 25.Rc2 Nxf2 26.Rxf2 Qxb4 27.Bxd3 Qxc5 28.Qc2 Qe3 29.Bxh7+ Kh8
30.Bd3 Rab8 31.Nc3 d4 32.Ne4 c5 33.Ng5 Rb7 34.Ba6 Rc7 35.Qh7+  1-0

[Event "CRO-chT"]
[Site "Pula"]
[Date "1999.09.12"]
[Round "4"]
[White "Gyimesi, Zoltan"]
[Black "Palac, Mladen"]
[Result "1-0"]
[WhiteElo "2531"]
[BlackElo "2610"]

1.d4 Nf6 2.c4 e6 3.Nf3 b6 4.g3 Ba6 5.b3 d5 6.cxd5 exd5 7.Bg2 c5 8.Nc3 Nc6
9.Ne5 Nxd4 10.e3 Ne6 11.Nxd5 Rc8 12.Bb2 Nd7 13.Qg4 c4 14.Nxc4 b5 15.Ne5 Nxe5
16.Bxe5 b4 17.Rd1 Qa5 18.Bf1 Bb7 19.Bc4 Rd8 20.e4 Bc5 21.Nc7+ Nxc7 22.Bxf7+ Kxf7
23.Qxg7+  1-0

[Event "CRO-chT"]
[Site "Pula"]
[Date "1999.09.16"]
[Round "7"]
[White "Gagarin, Vasilij"]
[Black "Rosandic, Denis"]
[Result "1/2-1/2"]
[WhiteElo "2411"]
[BlackElo "2262"]

1.d4 Nf6 2.c4 e6 3.Nf3 b6 4.g3 Ba6 5.b3 Bb4+ 6.Bd2 Be7 7.Bg2 c6 8.Bc3 d5
9.Ne5 Nfd7 10.Nxd7 Nxd7 11.Nd2 O-O 12.O-O Nf6 13.e4 b5 14.e5 Nd7 15.c5 b4
16.Bxb4 Bxf1 17.Bxf1 f6 18.Qg4 f5 19.Qe2 a6 20.Bc3 Qe8 21.Kh1 g5 22.Bg2 Qg6
23.f4 gxf4 24.gxf4 Qh6 25.Qf3 Kh8 26.Nf1 Rg8 27.Ne3 Nf8 28.Rf1 Ng6 29.Be1 Ra7
30.Qh3 Bf8 31.Qxh6 Bxh6 32.Bg3 Rb8 33.Nc2 Rab7 34.h4 Ne7 35.h5 Ng8 36.Be1 Rd8
37.Rf3 Bf8  1/2-1/2

[Event "Alushta2"]
[Site "Alushta"]
[Date "1999.09.19"]
[Round "2"]
[White "Krivoshey, Sergei"]
[Black "Belikov, Vladimir"]
[Result "1/2-1/2"]
[WhiteElo "2454"]
[BlackElo "2485"]

1.d4 Nf6 2.c4 e6 3.Nf3 b6 4.g3 Ba6 5.Nbd2 Bb4 6.a3 Bxd2+ 7.Nxd2 Bb7 8.Nf3 Bxf3
9.exf3 d5 10.b3 Nc6 11.Bb2 O-O 12.Bg2 Qd6 13.O-O dxc4 14.bxc4 Rad8 15.d5 exd5
16.cxd5 Ne7 17.f4 Nfxd5 18.Qb3 c6 19.Rfe1 Rfe8 20.Rac1 Qd7 21.Qa4 b5 22.Qd4 Nf5
23.Qc5 Rxe1+ 24.Rxe1 Re8 25.Rxe8+ Qxe8 26.Bxd5 cxd5 27.Qxd5 g6 28.Be5 h5
29.h3 Ne7 30.Qb7 Kh7 31.Qxa7 Nc6 32.Qc5 Nxe5 33.fxe5 Qd7 34.Kg2 Qb7+ 35.Kh2 Qf3
36.Qe3 Qd5 37.Qf4 Kg8 38.g4 hxg4 39.hxg4 Qa2 40.Qf6 Qxa3 41.Kg2 Qb3 42.Qd8+  1/2-1/2

[Event "Donne Haas mem"]
[Site "Bonnevoie"]
[Date "1999.09.20"]
[Round "3"]
[White "Wiedenkeller, Michael"]
[Black "Arkhangelsky, Boris"]
[Result "1-0"]
[WhiteElo "2429"]
[BlackElo "2425"]

1.d4 Nf6 2.c4 e6 3.Nf3 b6 4.g3 Ba6 5.b3 d5 6.Bg2 c5 7.O-O Nc6 8.cxd5 exd5
9.Nc3 Be7 10.dxc5 bxc5 11.Bg5 Rc8 12.Rc1 d4 13.Bxf6 gxf6 14.Ne4 Qa5 15.a4 Rd8
16.Re1 Ne5 17.Nh4 Bc8 18.Nd2 Be6 19.Be4 c4 20.Nxc4 Nxc4 21.bxc4 Bb4 22.Rf1 Bc3
23.Bc6+ Ke7 24.Qd3 Qc5 25.Bd5 Bxd5 26.Nf5+ Kf8 27.cxd5 Rxd5 28.e4 Re5 29.Rb1 Re8
30.Rb5 Qc6 31.Rfb1 h5 32.h4 Kg8 33.Rd5 Re5 34.Rbb5 Kh7 35.Nxd4 Bxd4 36.Qxd4 Rhe8
37.Rxe5 Rxe5 38.Rxe5 fxe5 39.Qxa7 Kg7 40.Qe3 f6 41.a5 Qa4 42.Qb6 Qxe4 43.a6  1-0

[Event "Paks 09 IM"]
[Site "Paks"]
[Date "1999.09.24"]
[Round "4"]
[White "Krutti, Valer"]
[Black "Csonka, Attila"]
[Result "1/2-1/2"]
[WhiteElo "2357"]
[BlackElo "2225"]

1.d4 Nf6 2.c4 e6 3.Nf3 b6 4.g3 Ba6 5.b3 Bb4+ 6.Bd2 Be7 7.Nc3 d5 8.cxd5 exd5
9.Bg2 c6 10.O-O O-O 11.Ne5 Nfd7 12.Nd3 Bxd3 13.exd3 Bf6 14.Ne2 a5 15.Rc1 b5
16.Bf4 Bg5 17.Qd2 Bxf4 18.Qxf4 Re8 19.Rc2 Nf8 20.Bh3 a4 21.b4 Ra7 22.a3 Rae7
23.Qf3 Qd6 24.Rfc1 Qh6 25.Bf1 Qd6 26.h4 Qh6  1/2-1/2

[Event "Alushta2"]
[Site "Alushta"]
[Date "1999.09.28"]
[Round "11"]
[White "Kuzmin, Gennadi P"]
[Black "Belikov, Vladimir"]
[Result "0-1"]
[WhiteElo "2518"]
[BlackElo "2485"]

1.d4 Nf6 2.c4 e6 3.Nf3 b6 4.g3 Ba6 5.Qa4 c5 6.Bg2 Bb7 7.O-O cxd4 8.Nxd4 Bxg2
9.Kxg2 Qc8 10.Rd1 a6 11.f3 Be7 12.e4 O-O 13.Be3 Qb7 14.Nc3 Rc8 15.Qb3 d6
16.a4 Qc7 17.a5 bxa5 18.c5 dxc5 19.Nxe6 fxe6 20.Qxe6+ Kh8 21.e5 Ng8 22.Nd5 Qb7
23.Ra4 Nc6 24.Rg4 Rf8 25.Nf4 Qxb2+ 26.Rd2 Qxe5 27.Qxc6 Qxe3 28.Re2 Qb3 29.Ne6 Qb5  0-1

[Event "Alushta2"]
[Site "Alushta"]
[Date "1999.09.30"]
[Round "13"]
[White "Bets, Anatolij"]
[Black "Alekseev, Vadim"]
[Result "1/2-1/2"]
[WhiteElo "2417"]
[BlackElo "2461"]

1.d4 Nf6 2.Nf3 e6 3.c4 b6 4.g3 Ba6 5.b3 Bb4+ 6.Bd2 Be7 7.Bg2 Bb7 8.Nc3 O-O
9.O-O Na6 10.Qb1 d5 11.cxd5 exd5 12.Ne5 c6 13.Rd1 h6 14.Qb2 Re8 15.a3 Nc7
16.Rac1 Ne6 17.Be1 Bf8  1/2-1/2

[Event "World Cities-ch 2nd"]
[Site "Shenyang"]
[Date "1999.10.05"]
[Round "2"]
[White "Tovsanaa, Nyamaa"]
[Black "Vladimirov, Evgeny"]
[Result "0-1"]
[WhiteElo "2347"]
[BlackElo "2598"]

1.d4 Nf6 2.c4 e6 3.Nf3 b6 4.g3 Ba6 5.b3 Bb4+ 6.Bd2 Be7 7.Bg2 d5 8.Ne5 O-O
9.O-O c5 10.Bc3 Bb7 11.e3 Na6 12.Nd2 Qc7 13.Qe2 Rad8 14.Rfe1 Ne4 15.Nxe4 dxe4
16.d5 Bf6 17.Bxe4 Bxe5 18.d6 Qd7 19.Bxe5 Bxe4 20.Qg4 Bg6 21.Rad1 Nb4 22.a3 Nc6
23.Bc3 e5 24.Qf3 Bc2 25.Rd2 Bxb3 26.Qe4 Rfe8 27.f4 exf4 28.Qxf4 f6 29.Rd5 Re6
30.Rh5 Ne5  0-1

[Event "World Cities-ch 2nd"]
[Site "Shenyang"]
[Date "1999.10.08"]
[Round "8"]
[White "Erhembayar, D."]
[Black "Kang Chuanqi"]
[Result "1/2-1/2"]
[WhiteElo "2303"]
[BlackElo "2311"]

1.d4 Nf6 2.Nf3 e6 3.c4 b6 4.g3 Ba6 5.b3 c6 6.Bg2 d5 7.cxd5 cxd5 8.O-O Bd6
9.Ba3 O-O 10.Bxd6 Qxd6 11.Nc3 Nbd7 12.Qd2 Rac8 13.a4 Ne4 14.Nxe4 dxe4 15.Ng5 f5
16.Rfd1 h6 17.Nh3 Nf6 18.a5 Nd5 19.Nf4 Nxf4 20.gxf4 Bb7 21.e3 Bd5 22.b4 Rc4
23.b5 Rfc8 24.axb6 axb6 25.Rdc1 Kh7 26.Bf1 R4c7 27.Rxc7 Rxc7 28.Rc1 Ra7 29.Qc3 Qe7
30.Qc8 Qf7 31.Qb8 Ra2 32.Qxb6 Qg6+ 33.Bg2 Bc4 34.Qd8 Bxb5 35.h3 Qh5 36.Rc8 Qf7
37.Rc7 Qg6 38.Rc8 Qf7 39.Qf8 Qxf8 40.Rxf8 Kg6 41.Rb8 Bc4 42.Rc8 Bd3 43.Rc6 Kf7
44.h4 h5 45.Rc1 Kf6 46.Bh3 Rd2 47.d5 Bc2 48.dxe6 Kxe6 49.Ra1 g6 50.Ra6+ Kf7
51.Ra7+ Kf6 52.Ra6+ Kf7 53.Ra7+  1/2-1/2

[Event "Asia-chT"]
[Site "Shenyang"]
[Date "1999.10.11"]
[Round "2"]
[White "Sharavdorj, Dashzeveg"]
[Black "Yu Shaoteng"]
[Result "0-1"]
[WhiteElo "2505"]
[BlackElo "2435"]

1.d4 e6 2.c4 Nf6 3.Nf3 b6 4.g3 Ba6 5.b3 Bb7 6.Bg2 Bb4+ 7.Bd2 a5 8.O-O O-O
9.Qc2 h6 10.Nc3 d6 11.Rfe1 Bxc3 12.Bxc3 Be4 13.Qd1 Nbd7 14.Bf1 Bb7 15.Nd2 d5
16.cxd5 exd5 17.Rc1 Re8 18.Bb2 Ne4 19.Nf3 c6 20.Bh3 Nf8 21.e3 Qf6 22.Bg2 a4
23.Re2 axb3 24.axb3 Nd7 25.Rec2 Qf5 26.Ne1 Ng5 27.Nd3 Nh3+ 28.Kh1 Ba6 29.Bxh3 Qxh3
30.Rxc6 Qf5 31.Nf4 Bb5 32.Qc2 Qg4 33.Rc7 Nf6 34.Kg2 Nh5 35.Nh3 Bd7 36.Ng1 Bf5
37.h3 Qe4+ 38.Qxe4 Bxe4+ 39.Kf1 Ra2 40.Rc8 Rxc8 41.Rxc8+ Kh7 42.Bc1 Nf6 43.Rc3 Bg2+
44.Kxg2 Ne4 45.Ne2 Rxe2 46.Rc6 Rxf2+ 47.Kg1 b5 48.Ba3 Rf3 49.Bc5 Rxg3+ 50.Kh2 Rxe3
51.b4 f5 52.Rc7 f4 53.Bf8 Rg3 54.Rf7 f3  0-1

[Event "Asia-chT"]
[Site "Shenyang"]
[Date "1999.10.11"]
[Round "2"]
[White "Barus, Cerdas"]
[Black "Bitoon, Richard"]
[Result "0-1"]
[WhiteElo "2465"]
[BlackElo "2393"]

1.d4 Nf6 2.c4 e6 3.Nf3 b6 4.g3 Ba6 5.b3 Bb4+ 6.Bd2 Be7 7.Bg2 O-O 8.O-O Bb7
9.Nc3 d5 10.Ne5 Na6 11.Bg5 h6 12.Bxf6 Bxf6 13.cxd5 exd5 14.Rc1 c6 15.Ng4 Be7
16.e3 Nc7 17.Ne5 Ne6 18.Ne2 Ba3 19.Rc2 Qd6 20.f4 f6 21.Ng6 Rfe8 22.Qd3 a5
23.Rd1 Ba6 24.Qf5 Nc7 25.Kf2 Bc8 26.Qh5 Qe6 27.Qf3 Na6 28.g4 Qxg4 29.Qxg4 Bxg4
30.Rxc6 Kh7 31.f5 Nb4 32.Rxb6 Nc2 33.Bf3 Nxe3 34.Rd3 Bxf3 35.Kxf3 Nxf5 36.Ngf4 Re4
37.Nxd5 Rae8 38.Ndc3 Rh4 39.Rb5 Rh3+ 40.Ng3 Nh4+ 41.Kg4 Rxh2 42.Rxa5 Bd6
43.Rd5 g6 44.Rxd6 f5+ 45.Nxf5 Nxf5 46.Rd7+ Kh8 47.Rh3 h5+ 48.Rxh5+ Rxh5 49.a4 Nh6+
50.Kf3 Rh3+ 51.Kf4 Rxc3 52.Rb7 Rc1 53.a5 Rf1+ 54.Kg5 Nf7+ 55.Kg4 Re4+ 56.Kg3 Ng5  0-1

[Event "Asia-chT"]
[Site "Shenyang"]
[Date "1999.10.14"]
[Round "6"]
[White "Ghorbani, Mohsen"]
[Black "Kunte, Abhijit"]
[Result "0-1"]
[WhiteElo "2379"]
[BlackElo "2465"]

1.d4 Nf6 2.Nf3 b6 3.c4 e6 4.g3 Ba6 5.Nbd2 Bb7 6.Bg2 c5 7.e4 cxd4 8.O-O d6
9.Nxd4 Nfd7 10.b3 Be7 11.Bb2 O-O 12.Re1 Ne5 13.Nf1 Nbc6 14.Nb5 a6 15.Nc3 Re8
16.Re2 Qc7 17.Rb1 Rad8 18.Rd2 Na7 19.a4 Bc6 20.Qe2 Qb8 21.f4 Nd7 22.b4 Bb7
23.Ba1 Nc6 24.Kh1 a5 25.bxa5 bxa5 26.Ne3 Nb4 27.Nb5 Nc5 28.Qg4 g6 29.e5 Bxg2+
30.Rxg2 dxe5 31.fxe5 Qb7 32.h4 Ncd3 33.Qe2 Nxe5 34.Bxe5 Qe4 35.Nc2 Qf5 36.Rb3 Nxc2
37.Qxc2 Qxe5 38.Rb1 Bc5 39.Rf1 Rd7 40.Qb3 Red8 41.Qf3 Qe3 42.Qc6 Rd1 43.Rxd1 Rxd1+
44.Kh2 Qe1  0-1

[Event "GRE-GER m"]
[Site "Corfu"]
[Date "1999.10.16"]
[Round "5"]
[White "Banikas, Hristos"]
[Black "Huebner, Robert"]
[Result "1/2-1/2"]
[WhiteElo "2507"]
[BlackElo "2599"]

1.d4 Nf6 2.c4 e6 3.Nf3 b6 4.g3 Ba6 5.b3 b5 6.cxb5 Bxb5 7.Nc3 Ba6 8.Bg2 d5
9.O-O Nbd7 10.Bf4 c5 11.Rc1 Rc8 12.Ne5 Nxe5 13.Bxe5 Nd7 14.Bf4 Be7 15.dxc5 Rxc5
16.b4 Rc4 17.Qa4 Qb6 18.a3 Bf6 19.Bxd5 Rxc3 20.Bc6 Qxc6 21.Qxc6 Rxc6 22.Rxc6 Bxe2
23.Re1 Bf3 24.Rc7 a5 25.Rc8+ Bd8 26.Bc7 Ke7 27.Bxa5 Bb7 28.Rxd8 Rxd8 29.Bxd8+ Kxd8
30.a4 Kc7 31.f4 Kb6 32.f5 e5 33.Rd1 Nf6 34.a5+ Kc6 35.Rc1+ Kb5 36.Rc5+ Kxb4
37.Rc7 Ba6 38.Rxf7 e4 39.Rxg7 e3 40.Re7 e2 41.Kf2 Kxa5 42.h3 Bc4 43.g4 h6
44.Kf3 Kb4 45.h4 Bd3 46.g5 Ne4 47.Rxe4+ Bxe4+ 48.Kxe2 h5 49.g6 Bxf5 50.g7 Be6  1/2-1/2

[Event "EU-ch U20 Girls"]
[Site "Patras"]
[Date "1999.10.16"]
[Round "11"]
[White "Matnadze, Ana"]
[Black "Virnik, Elena"]
[Result "1-0"]
[WhiteElo "2280"]
[BlackElo "2154"]

1.d4 Nf6 2.c4 e6 3.Nf3 b6 4.g3 Ba6 5.Qc2 c5 6.Bg2 Nc6 7.dxc5 Bxc5 8.a3 Rc8
9.Qa4 Bb7 10.O-O O-O 11.Nc3 Be7 12.b4 a5 13.b5 Nb8 14.Bb2 Qc7 15.Nd2 Bxg2
16.Kxg2 Qb7+ 17.Kg1 d6 18.e4 Nbd7 19.Qd1 Rc7 20.Qe2 Rfc8 21.Nd1 Nc5 22.f3 Nfd7
23.Bd4 Bf6 24.Bxf6 Nxf6 25.a4 d5 26.cxd5 exd5 27.e5 Nfd7 28.f4 d4 29.Nf2 Ne6
30.Nde4 Rc2 31.Qh5 Qd5 32.Rad1 R8c4 33.Nd6 g6 34.Qh4 Rxa4 35.Qe7 Nef8 36.Rde1 Raa2
37.e6 fxe6 38.Ne8  1-0

[Event "Wichern op 5th"]
[Site "Hamburg"]
[Date "1999.10.17"]
[Round "4"]
[White "Aliev, Kerim"]
[Black "Langrock, Hannes"]
[Result "1/2-1/2"]
[WhiteElo "2362"]
[BlackElo "2135"]

1.d4 Nf6 2.c4 e6 3.Nf3 b6 4.g3 Ba6 5.b3 Bb4+ 6.Bd2 Be7 7.Bg2 c6 8.O-O O-O
9.Bc3 d5 10.Nbd2 Nbd7 11.Re1 Bb7 12.e4 dxe4 13.Nxe4 c5 14.Nxf6+ Bxf6 15.Rc1 cxd4
16.Nxd4 Bxg2 17.Kxg2 a6 18.Qf3 Rc8 19.Nc6 Qc7 20.Bxf6 Nxf6 21.Nb4 a5 22.Nc2 Rfd8
23.Na3 Nd7 24.Nb5 Qb8 25.Rcd1 Nc5 26.Nd4 Qc7 27.Nb5 Qb8 28.Nd4 Qc7 29.Qc6 Qb8
30.Qf3 Qc7  1/2-1/2

[Event "Wichern op 5th"]
[Site "Hamburg"]
[Date "1999.10.18"]
[Round "5"]
[White "Mellem, Niklas A"]
[Black "Smirnov, Andrej"]
[Result "1-0"]
[WhiteElo "2208"]
[BlackElo "2000"]

1.d4 Nf6 2.c4 e6 3.Nf3 b6 4.g3 Ba6 5.b3 Bb4+ 6.Bd2 Be7 7.Bg2 c6 8.O-O d5
9.Ne5 Nfd7 10.cxd5 cxd5 11.Re1 Nf6 12.Bc1 Bb4 13.Bd2 Bd6 14.Nc3 Nbd7 15.e4 dxe4
16.Nxe4 Nxe4 17.Bxe4 O-O 18.Bxa8 Bxe5 19.Bb4 Bf6 20.Bg2 Re8 21.Rc1 e5 22.d5 Be7
23.d6 Bf8 24.Rc7 Nc5 25.Bxc5 bxc5 26.Rxa7 Qb6 27.d7 Rd8 28.Ra8  1-0

[Event "Aars get2net Cup IM"]
[Site "Aars"]
[Date "1999.10.21"]
[Round "6"]
[White "Christensen, Bent"]
[Black "Hellegaard, Carsten"]
[Result "1/2-1/2"]
[WhiteElo "2113"]
[BlackElo "2267"]

1.d4 Nf6 2.c4 e6 3.Nf3 b6 4.g3 Ba6 5.b3 d5 6.Bg2 dxc4 7.Ne5 Bb4+ 8.Kf1 Bd6
9.Nxc4 Nd5 10.Bb2 Nc6 11.Nc3 Nce7 12.Bf3 O-O 13.Kg2 f5 14.Qd2 Bb7 15.Nxd5 Nxd5
16.Rhd1 f4 17.a4 Qf6 18.Ba3 Rad8 19.Rf1 h5 20.h4 Qg6 21.Nxd6 cxd6 22.Kh2 Ne3
23.Rg1 Ng4+ 24.Kg2 fxg3 25.fxg3 e5 26.d5 e4 27.Bxg4 Qxg4 28.Rgf1 Rf5 29.Rxf5 Qxf5
30.Rd1 Bc8 31.Qg5 Qxg5 32.hxg5 Kf7  1/2-1/2

[Event "Wch U18"]
[Site "Oropesa del Mar"]
[Date "1999.10.26"]
[Round "3"]
[White "Varela, Gaston"]
[Black "Fedorchuk, Sergey A"]
[Result "0-1"]
[WhiteElo "2283"]
[BlackElo "2457"]

1.d4 Nf6 2.Nf3 e6 3.c4 b6 4.g3 Ba6 5.Qa4 c5 6.Bg2 Bb7 7.dxc5 bxc5 8.Nc3 Be7
9.O-O O-O 10.Qc2 Qb6 11.Rd1 Nc6 12.Be3 Rfd8 13.h3 Rac8 14.Na4 Qa5 15.a3 d6
16.b3 Rb8 17.Bd2 Qc7 18.Bc3 h6 19.Rab1 Rdc8 20.Nh2 Na5 21.Bxb7 Rxb7 22.Nf1 Rcb8
23.Nd2 Nc6 24.Nf3 Nd7 25.Ba1 Na5 26.Nd2 Bf6 27.Bxf6 Nxf6 28.Qc3 Nc6 29.Nf3 Qe7
30.Rb2 Ne4 31.Qe3 f5 32.Rdb1 Qf6 33.Nd2 Ng5 34.h4 Nf7 35.Nf3 Qg6 36.Qd3 e5
37.Qd5 Ne7 38.Qd1 f4 39.Kh2 e4 40.Nd2 e3  0-1

[Event "Chigorin mem"]
[Site "St Petersburg"]
[Date "1999.11.05"]
[Round "4"]
[White "Danielian, Vardan"]
[Black "Sambuev, Bator"]
[Result "0-1"]
[WhiteElo "2289"]
[BlackElo "2390"]

1.d4 Nf6 2.c4 e6 3.Nf3 b6 4.g3 Ba6 5.b3 b5 6.cxb5 Bxb5 7.Nc3 Bb4 8.Bd2 Bc6
9.Bg2 Qc8 10.O-O Qb7 11.a3 Bxc3 12.Bxc3 a5 13.Ne1 Bxg2 14.Nxg2 O-O 15.Nf4 Nd5
16.Bd2 Ra6 17.Nd3 d6 18.e4 Nf6 19.f3 Nc6 20.Be3 Rb8 21.Nc1 e5 22.d5 Na7 23.Ra2 Nb5
24.Qd2 c6 25.dxc6 Rxc6 26.Ne2 Nc7 27.Nc3 h6 28.Rb2 Nb5 29.Nxb5 Qxb5 30.b4 d5
31.exd5 Qxd5 32.Qxd5 Nxd5 33.Ba7 Rb5 34.Rfb1 Rc3 35.Rb3 Rxb3 36.Rxb3 axb4
37.axb4 Rxb4 38.Rxb4 Nxb4 39.Kf2 f5 40.Ke3 Kf7 41.Bc5 Nd5+ 42.Kd3 g6 43.Bd6 Ke6
44.Bf8 h5 45.Bh6 Nb6 46.Be3 Nc8 47.h4 Kd5 48.Bh6 Nd6 49.Be3 Nc4 50.Ba7 Nd6
51.Be3 e4+ 52.Ke2 Nb5 53.fxe4+ fxe4 54.Bb6 Nd6 55.Ba7 Nc4 56.Kf2 Ke5 57.Bb8+ Kf5
58.Bf4 Nb6 59.Bb8 Nd5 60.Ba7 Kg4 61.Bb8 Ne7 62.Kg2 Nf5 63.Bc7 e3 64.Bb6 Nxg3
65.Bxe3 Nf5 66.Ba7 Nxh4+ 67.Kh2 Kf3 68.Bc5 Nf5  0-1

[Event "Chigorin mem"]
[Site "St Petersburg"]
[Date "1999.11.05"]
[Round "4"]
[White "Nikolaev, Nikita"]
[Black "Shaposhnikov, Evgeny"]
[Result "0-1"]
[WhiteElo "2308"]
[BlackElo "2494"]

1.d4 Nf6 2.Nf3 e6 3.c4 b6 4.g3 Ba6 5.b3 d5 6.Bg2 dxc4 7.Ne5 Bb4+ 8.Kf1 Bd6
9.Nxc4 Nd5 10.Bf3 f5 11.Bb2 Nd7 12.Nc3 N7f6 13.Nxd5 Nxd5 14.Nxd6+ cxd6 15.Bxd5 exd5
16.Kg2 O-O 17.e3 Qe7 18.h4 Rf7 19.h5 Qe4+ 20.f3 Qxe3 21.Bc1 Qc3 22.Bf4 Re8
23.Rc1 Qb4 24.Re1 Rfe7 25.Rxe7 Rxe7 26.Kh3 h6 27.Qc2 Rf7 28.Qc6 Qxd4 29.Qe8+ Rf8
30.Qe6+ Kh8 31.Qxd6 Rf6 32.Be5 Rxd6 33.Bxd4 Rd7 34.g4 fxg4+ 35.Kxg4 Kg8 36.Rc6 Bd3
37.Kf4 Kf7 38.Ke3 Bf5 39.Be5 Re7 40.Kd4 Be6 41.Bd6 Rd7 42.Ke5 d4 43.Kxd4 Bxb3
44.axb3 Ke6 45.Ke4 Rxd6 46.Rc7 Rd7 47.Rc6+ Kf7 48.f4 Rb7 49.f5 a5 50.f6 gxf6
51.Kf5 Kg7 52.Rd6 b5 53.Ra6 Re7 54.Rxa5 Re5+ 55.Kg4 f5+ 56.Kf3 Kf6 57.Ra1 Re4
58.Rg1 Rg4  0-1

[Event "Chigorin mem"]
[Site "St Petersburg"]
[Date "1999.11.06"]
[Round "5"]
[White "Virovlansky, Semen"]
[Black "Kalugin, Sergei"]
[Result "1/2-1/2"]
[WhiteElo "2406"]
[BlackElo "2455"]

1.d4 Nf6 2.c4 e6 3.Nf3 b6 4.g3 Ba6 5.Qa4 c5 6.Bg2 Bb7 7.dxc5 bxc5 8.O-O Be7
9.Nc3 O-O 10.Rd1 d6 11.Bg5 a6 12.b4 Bc6 13.Qb3 cxb4 14.Qxb4 Qc7 15.Rac1 Nbd7
16.Bf4 Ne5 17.Nxe5 dxe5 18.Bxe5 Bxb4 19.Bxc7 Bxg2 20.Kxg2 Rfc8 21.Be5 Ba3
22.Rb1 Rxc4 23.Rb3  1/2-1/2

[Event "28th It"]
[Site "Lazarevac YUG"]
[Date "1999.11.08"]
[Round "8"]
[White "Rajkovic,Du"]
[Black "Zontakh,A"]
[Result "1/2-1/2"]
[WhiteElo "2474"]
[BlackElo "2535"]

1.d4 Nf6 2.c4 e6 3.Nf3 b6 4.g3 Ba6 5.b3 Bb4+ 6.Bd2 Be7 7.Bg2 c6 8.Bc3 d5
9.Ne5 Nfd7 10.Nxd7 Nxd7 11.Nd2 O-O 12.O-O Rc8 13.e4 c5 14.exd5 exd5 15.dxc5 dxc4
16.c6 cxb3 17.Nc4  1/2-1/2

[Event "ch-ARG Najdorf mem"]
[Site "Buenos Aires ARG"]
[Date "1999.11.20"]
[Round "2"]
[White "Sorin,A"]
[Black "Campora,D"]
[Result "1-0"]
[WhiteElo "2501"]
[BlackElo "2543"]

1.d4 Nf6 2.c4 e6 3.Nf3 b6 4.g3 Ba6 5.Qa4 Qc8 6.Nc3 Bb7 7.Bg2 Ne4 8.Qc2 Bb4
9.O-O Bxc3 10.bxc3 f5 11.d5 O-O 12.Ng5 exd5 13.cxd5 Bxd5 14.Rd1 Qb7 15.Rxd5 Qxd5
16.Ba3 Nc6 17.Rd1 Qb5 18.Nxe4 fxe4 19.Bxf8 Rxf8 20.Bxe4 Qh5 21.Rd5 Qh6 22.Rxd7 Ne5
23.Rd4 g6 24.Qb3+ Kg7 25.Qe6 Qg5 26.Bd5 Qf6 27.f4 Qxe6 28.Bxe6 Kf6 29.Bb3 Ng4
30.Rd7 g5 31.fxg5+ Kxg5 32.Rg7+ Kh5 33.Rxh7+ Kg6 34.Bc2+ Kf6 35.Rxc7 Ne3
36.Be4 Re8 37.Bf3 Re7 38.Rc8 Re5 39.Kf2 Nd1+ 40.Ke1 Ne3 41.h4 Ra5 42.g4 Rxa2
43.Kf2 Nd1+ 44.Kg3 Ra3 45.g5+ Ke7 46.c4 Nc3 47.Kf4 b5 48.g6 Kf6 49.Rc6+ Kg7
50.Kg5  1-0

[Event "ch-ARG Najdorf mem"]
[Site "Buenos Aires ARG"]
[Date "1999.11.22"]
[Round "4"]
[White "Rubinetti,J"]
[Black "Ricardi,P"]
[Result "0-1"]
[WhiteElo "2432"]
[BlackElo "2474"]

1.d4 Nf6 2.c4 e6 3.Nf3 b6 4.g3 Ba6 5.b3 Bb4+ 6.Bd2 Be7 7.Bg2 c6 8.O-O d5
9.Ne5 Nfd7 10.Nxd7 Qxd7 11.cxd5 cxd5 12.Bc3 Nc6 13.Re1 O-O 14.e3 Rac8 15.Bf1 Qb7
16.Bxa6 Qxa6 17.Qe2 Nb4 18.Qxa6 Nxa6 19.a3 Rc6 20.b4 Nc7 21.Bd2 Nb5 22.a4 Nd6
23.b5 Rc2 24.Bb4 Rfc8 25.Na3 Rb2 26.Reb1 Rxb1+ 27.Rxb1 Kf8 28.Rb2 Rc1+ 29.Kg2 Nc4
30.Bxe7+ Kxe7 31.Ra2 Kd6 32.h4 e5 33.Nxc4+ dxc4 34.dxe5+ Kc5 35.f4 c3 36.Kf3 Kb4
37.Ke4 Kb3 38.Rf2 Rd1 39.f5 c2 40.Rxc2 Kxc2 41.e6 fxe6 42.fxe6 Rd8 43.Ke5 Kb3
44.e7 Ra8 45.Kd6 Kxa4 46.Kc6 Ka5 47.e4 a6 48.bxa6 Kxa6 49.e5 b5 50.e6 b4
51.Kd7 b3 52.e8=Q Rxe8 53.Kxe8 b2  0-1

[Event "National Chess Congress"]
[Site "Philadelphia USA"]
[Date "1999.11.28"]
[Round "6"]
[White "Shapiro,D"]
[Black "Bauer,Ri"]
[Result "0-1"]
[WhiteElo "2280"]
[BlackElo "2304"]

1.d4 Nf6 2.c4 e6 3.Nf3 b6 4.g3 Ba6 5.Nbd2 Bb7 6.Bg2 c5 7.e4 cxd4 8.Nxd4 d6
9.O-O Nbd7 10.Re1 a6 11.b3 Qc7 12.Bb2 g6 13.Rc1 Bg7 14.Nb1 O-O 15.Nc3 Rac8
16.h3 Rfd8 17.Qe2 Qb8 18.Rcd1 Nc5 19.Kh2 Re8 20.Qf1 Qa8 21.f3 Qb8 22.Qf2 Red8
23.Bc1 Ba8 24.Be3 Re8 25.Kg1 Nh5 26.g4 Nf6 27.g5 Nh5 28.f4 e5 29.fxe5 Bxe5
30.Nde2 b5 31.cxb5 axb5 32.Nd5 Bxd5 33.exd5 Qc7 34.Bf3 Ng7 35.Bg4 Ra8 36.Nd4 Ne4
37.Qg2 Nc3 38.Rc1 b4 39.Nc6 Rxa2 40.Qf3 Qb7 41.Nxe5 Rxe5 42.Bd4 Ne2+ 43.Rxe2 Raxe2
44.Qxe2 Rxe2 45.Bxe2 Nf5 46.Bf6 h5 47.Rc6 Kh7 48.Bd3 Qa7+ 49.Kh1 Qf2 50.Bxf5 gxf5
51.Rc8 Qf4 52.g6+  0-1